Death of a salesman : (Record no. 63338)
[ view plain ]
| 000 -LEADER | |
|---|---|
| fixed length control field | 00893nam a2200277 a 4500 |
| 001 - CONTROL NUMBER | |
| control field | 63338 |
| 003 - CONTROL NUMBER IDENTIFIER | |
| rucl marc code | BD-RjUL |
| 005 - DATE AND TIME OF LATEST TRANSACTION | |
| control field | 20211209081201.0 |
| 008 - FIXED-LENGTH DATA ELEMENTS--GENERAL INFORMATION | |
| fixed length control field | 170129t19501949enk 000 0 eng d |
| 020 ## - INTERNATIONAL STANDARD BOOK NUMBER | |
| International Standard Book Number | 0140481346 |
| 035 ## - SYSTEM CONTROL NUMBER | |
| System control number | BD-RjUL 63467 |
| System control number | (OCoLC)03143230 |
| System control number | GLIS00305792 |
| 040 ## - CATALOGING SOURCE | |
| Original cataloging agency | NAM |
| Transcribing agency | NAM |
| Modifying agency | m.c. |
| -- | IXA |
| -- | MYG |
| -- | BD-RjUL |
| Language of cataloging | eng |
| 041 ## - LANGUAGE CODE | |
| Language code of text/sound track or separate title | eng |
| 082 ## - DEWEY DECIMAL CLASSIFICATION NUMBER | |
| Edition number | 23 |
| Classification number | 812 |
| Author mark and year | MID 1950 |
| 090 ## - LOCALLY ASSIGNED LC-TYPE CALL NUMBER (OCLC); LOCAL CALL NUMBER (OCLC) | |
| Classification number (OCLC) (R) ; Classification number, CALL (RLIN) (NR) | PS3525.I285 |
| Local cutter number (OCLC) ; Book number/undivided call number, CALL (RLIN) | D4 1976 |
| 099 ## - LOCAL FREE-TEXT CALL NUMBER (OCLC) | |
| Bangla Class number | PS3525.I285.D4 1976 |
| 100 1# - MAIN ENTRY--PERSONAL NAME | |
| Personal name | Miller, Arthur, |
| Dates associated with a name | 1915-2005. |
| 9 (RLIN) | 188486 |
| 245 10 - TITLE STATEMENT | |
| Title | Death of a salesman : |
| Remainder of title | certain private conversations in two acts and a requiem / |
| Statement of responsibility, etc. | by Arthur Miller. |
| 260 ## - PUBLICATION, DISTRIBUTION, ETC. (IMPRINT) | |
| Place of publication, distribution, etc. | Harmondsworth, Middlesex, England ; |
| -- | New York, N.Y., U.S.A. : |
| Name of publisher, distributor, etc. | Penguin, |
| Date of publication, distribution, etc. | 1950, c1949. |
| 300 ## - PHYSICAL DESCRIPTION | |
| Pagination | 139 p. ; |
| Size | 19 cm. |
| 650 ## - SUBJECT ADDED ENTRY--TOPICAL TERM | |
| Topical term or geographic name as entry element | Sales personnel |
| General subdivision | Drama. |
| 9 (RLIN) | 188487 |
| 942 ## - ADDED ENTRY ELEMENTS (KOHA) | |
| Source of classification or shelving scheme | Dewey Decimal Classification |
| Koha item type | Books |
| 949 ## - LOCAL PROCESSING INFORMATION (OCLC) | |
| a | MYGH |
| b | 39080004393440 |
| Lost status | Source of classification or shelving scheme | Damaged status | Not for loan | Collection code | Permanent Location | Current Location | Shelving location | Date acquired | Source of acquisition | Total Checkouts | Full call number | Date last seen | Copy number | Koha item type |
|---|---|---|---|---|---|---|---|---|---|---|---|---|---|---|
| Dewey Decimal Classification | Not For Loan | Non-fiction | Central Library, University of Rajshahi | Central Library, University of Rajshahi | Reading Room | 25/02/1958 | USIS | 812 MID 1950 | 29/01/2017 | C-1 | Books |